Michigan Proficiency - Preliminary Practice Tests / For the Michigan Certificate of Proficiency in English Examinations (Record no. 4223)
[ view plain ]
| 000 -LEADER | |
|---|---|
| fixed length control field | 01516cam a22001934a 4500 |
| 005 - ΗΜΕΡΟΜΗΝΙΑ ΚΑΙ ΩΡΑ ΤΕΛΕΥΤΑΙΑΣ ΕΝΗΜΕΡΩΣΗΣ | |
| Πεδίο ελέγχου | 20250605164140.0 |
| 008 - FIXED-LENGTH DATA ELEMENTS--GENERAL INFORMATION | |
| Πεδίο ελέγχου σταθερού μήκους | 250528s ||||||||||||||||||||||||d |
| 035 ## - SYSTEM CONTROL NUMBER | |
| System control number | 18922 |
| 020 ## - ISBN | |
| ISBN | 9607609328 |
| 040 ## - ΠΗΓΗ ΚΑΤΑΛΟΓΟΓΡΑΦΗΣΗΣ | |
| Φορέας πρωτότυπης καταλογογράφησης | MC Athens Campus Library |
| Γλώσσα καταλογογράφησης | Ελληνικά, Μοντέρνα (1453-) |
| Modifying agency | MC Athens Campus Library |
| Κανόνες περιγραφικής καταλογογράφησης | AACR2 |
| 245 1# - ΤΙΤΛΟΣ ΚΑΙ ΔΗΛΩΣΗ ΥΠΕΥΘΥΝΟΤΗΤΑΣ | |
| Τίτλος | Michigan Proficiency - Preliminary Practice Tests / For the Michigan Certificate of Proficiency in English Examinations |
| 260 ## - PUBLICATION, DISTRIBUTION, ETC. | |
| Name of publisher, distributor, etc. | New Editions, |
| Date of publication, distribution, etc. | 1999 |
| 300 ## - PHYSICAL DESCRIPTION | |
| Extent | 168 |
| 520 ## - SUMMARY, ETC. | |
| Summary, etc. | This textbook contains 25 practice tests for the preliminary test of the University of Michigan Proficiency exam (ECPE). Preliminary Tests, Shades of Meaning (Shyness and Beauty and Mercy), At the Root of the Matter (Sen - Spec - Con), Subtle Differences (Spreading Out - Changing), The Long and the Short of It, Preposition and Phrasal Verb Round-up, Fearsome Foursomes, Good Things and Bad (Bene - Mal-), Ashes to Ashes - Dust to Dust, Time Out for Time, Preposition and Phrasal Verb Round-up, Impish and imp- Words, Liquid Language, Watery States and Stages, Quirky Quartets and Other Q-Words, Preposition and Phrasal Veb Round-up, The Pleasure Principle, Heredity: It Runs in the Family, Birds of a Feather and Other Animal Idioms, One Way or Another (Searching and Throwing), Preposition and Phrasal Verb Round-up, More Fearsome Foursome, Let There Be Light, Destructive Tendencies, A Planet is a Terrible Thing to Waste, Preposition and Phrasal Verb Round-up. |
| 700 1# - ΠΡΟΣΘΕΤΗ ΑΝΑΓΡΑΦΗ--ΦΥΣΙΚΟ ΠΡΟΣΩΠΟ | |
| Personal name | Flanel Piniaris Diane |
| 9 (RLIN) | 5210 |
| 942 ## - ADDED ENTRY ELEMENTS (KOHA) | |
| Koha item type | Books |
| Τύπος τεκμηρίου | Βιβλιοθήκη | Τρέχουσα τοποθεσία | Barcode | Αριθμός εισαγωγής | Ημερομηνία απόκτησης | Ταξιθετικό σύμβολο | Αριθμός αντιτύπου | Κατάσταση απόσυρσης | Κατάσταση χαμένου | Κατάσταση κατεστραμμένου | Μη δανεισμός | Σύνολο δανεισμών | Ημερομηνία τελευταίας εμφάνισης | Η τιμή ισχύει από |
|---|---|---|---|---|---|---|---|---|---|---|---|---|---|---|
| Books | MC Athens Campus Library | MC Athens Campus Library | 9780000042224 | 3849 | 05/06/2025 | 428.24 FLA | 1 | 05/06/2025 | 05/06/2025 |